000 00615nam a2200205Ia 4500
001 22431
003 GE_BSU
008 181216s||||||||xx |||||||||||||| ||und||
040 _cGE_BSU
245 _aАзия и Африка сегодня. № 02. (727) 2018
245 _bЕжемесячный научный журнал
245 _cГл.ред.Васильев А.В.
260 _aМосква
260 _c2018
300 _a80 стр. 29см. илл.
653 _aАзия и Африка. № 02. (727) 2018
653 _aПериодика
653 _aპერიოდიკა
942 _cCR
999 _c55353
_d55353